El fin del mundo / (Registro nro. 2999)
[ vista simple ]
| 000 -LEADER | |
|---|---|
| fixed length control field | 01446nam a2200205 a 4500 |
| 008 - CAMPO DE CONTROL (LIBRO) | |
| fixed length control field | 190531s1982 es ||||gr|||| 001 0 spa d |
| 020 ## - INTERNATIONAL STANDARD BOOK NUMBER | |
| ISBN | 847577007 |
| 041 ## - CODIGO DE IDIOMA | |
| Código de idioma del texto/pista de sonido o título separado | spa |
| 092 ## - SIGNATURA TOPOGRAFICA DEWEY LOCAL | |
| número de clasificación | 215.2 |
| libristica | 11 |
| sección | CHA |
| 100 1# - ENTRADA PRINCIPAL--NOMBRE PERSONAL | |
| Nombre personal | Chatelain, Maurice |
| 9 (RLIN) | 4042 |
| 245 3# - TITULO PROPIAMENTE DICHO | |
| Título | El fin del mundo / |
| Subtítulo y Título paralelo | Maurice Chatelain |
| 250 ## - MENCION DE EDICION | |
| Mención de edición | 1a ed. |
| Mención de responsabilidad relacionada con la ed. | Traducción Nuber Suñer. |
| 260 ## - PIE DE IMPRENTA | |
| Lugar de publicación, distribución, etc | Barcelona: |
| Nombre de la editorial, distribuidor, etc | Ediciones Juan Garnica; |
| Fecha de publicación | 1982. |
| 300 ## - DESCRIPCION FISICA | |
| Extension | 205 p. |
| 500 ## - NOTA GENERAL | |
| Nota general | Chatelain, M. (1984). El fin del mundo. (1a ed.). Buenos Aires : Ediciones Juan Garnica. |
| 505 ## - NOTA DE CONTENIDO | |
| Nota de contenido formateada | Maurice Chatelain, ex científico de la NASA que participó en el programa de exploración lunar Apolo, ha utilizado la informática para hacer astrología científica y prever las catástrofes que nos amenazan en un futuro cercano, ya que hoy está comprobado que los cataclismos coinciden con las conjunciones planetarias. El Cosmos tras la gran conjunción del 26 de diciembre de 1982 de la que pueden esperarse terremotos, maremotos, erupciones volcánicas...nos prepara otra para el 10 de mayo del 2000, donde, en la fecha anunciada por Nostradamus, podría producirse un diluvio universal causado por la inversión de los polos. Existe una real relación entre los fenómenos astronómicos que se producen en el cielo y los acontecimientos humanos que sobrevienen en la Tierra. |
| 590 ## - NOTAS LOCALES (RLIN) | |
| Nota local | Proyecto 4to libro. Donación Julia Cabanne, mayo 2019. |
| 655 ## - MATERIA - GENERO/FORMA | |
| Género/Forma | Literatura |
| -- | 2917 |
| 942 ## - ADDED ENTRY ELEMENTS (KOHA) | |
| Source of classification or shelving scheme | Dewey Decimal Classification |
| Item type | LITERATURA |
| Estado de retiro | Existencia | Fuente de clasificación | Estado general | No para prestamo | Ubicación permanente | ubicación actual | Sala de ubicación | Fecha de adquisición | Fuente de adquisición | Total Checkouts | Número de clasificación | Código de barras | Date last seen | Número de ejemplar | Price effective from | Koha tipo de elemento (item) | Public note |
|---|---|---|---|---|---|---|---|---|---|---|---|---|---|---|---|---|---|
| Dewey Decimal Classification | Biblioteca Medicina | Biblioteca Medicina | Circulación | 31/05/2019 | Donación Cabanne, Julia. Mayo 2019 | 215.2 11 CHA | 4431 | 31/05/2019 | Ej. 1 | 31/05/2019 | LITERATURA | Proyecto 4to libro. Donación Cabanne, Julia. Mayo 2019 |